| 000 | 00474nam a22001817a 4500 | ||
|---|---|---|---|
| 003 | CEME | ||
| 005 | 20210628210133.0 | ||
| 008 | 210215b xxu||||| |||| 00| 0 eng d | ||
| 020 | _a81-7635-179-2 | ||
| 040 | _c. | ||
| 082 | _a005.3 PYR | ||
| 100 |
_aPyron, Tim _978245 |
||
| 245 | _aTeach yourself microsoft project 98 in 24 hours | ||
| 260 |
_aNEW DELHI _bTECHMEDIA _c1998 |
||
| 300 | _a442P | ||
| 650 |
_aMS PROJECT 98 MICROSOFT PROJECT 98 _978246 |
||
| 942 |
_cBK _2ddc |
||
| 999 |
_c583397 _d583397 |
||